Моделирование технологии получения этилбензола на цеолитсодержащих катализаторах; Проблемы геологии и освоения недр; Т. 2

Detalhes bibliográficos
Parent link:Проблемы геологии и освоения недр: труды XXI Международного симпозиума имени академика М. А. Усова студентов и молодых ученых, посвященного 130-летию со дня рождения профессора М. И. Кучина, Томск, 3-7 апреля 2017 г./ Национальный исследовательский Томский политехнический университет (ТПУ), Институт природных ресурсов (ИПР) ; под ред. А. С. Боева.— , 2017
Т. 2.— 2017.— [С. 372-373]
Autor principal: Ямщикова Е. А.
Autor Corporativo: Национальный исследовательский Томский политехнический университет (ТПУ) Институт природных ресурсов (ИПР) Кафедра химической технологии топлива и химической кибернетики (ХТТ)
Outros Autores: Долганова И. О. Ирэна Олеговна (научный руководитель)
Resumo:Заглавие с экрана
Idioma:russo
Publicado em: 2017
Colecção:Современные технологии подготовки и переработки природных ресурсов
Химическая технология подготовки и переработки горючих ископаемых
Assuntos:
Acesso em linha:http://earchive.tpu.ru/handle/11683/42132
Formato: MixedMaterials Recurso Electrónico Capítulo de Livro
KOHA link:https://koha.lib.tpu.ru/cgi-bin/koha/opac-detail.pl?biblionumber=623394

MARC

LEADER 00000naa2a2200000 4500
001 623394
005 20231101133248.0
035 |a (RuTPU)RU\TPU\conf\22342 
035 |a RU\TPU\conf\22338 
090 |a 623394 
100 |a 20170816d2017 k y0rusy50 ca 
101 0 |a rus 
102 |a RU 
105 |a y z 100zy 
135 |a drcn ---uucaa 
181 0 |a i  
182 0 |a b 
200 1 |a Моделирование технологии получения этилбензола на цеолитсодержащих катализаторах  |f Е. А. Ямщикова  |g науч. рук. И. О. Долганова 
203 |a Текст  |c электронный 
225 1 |a Современные технологии подготовки и переработки природных ресурсов 
225 1 |a Химическая технология подготовки и переработки горючих ископаемых 
230 |a 1 компьютерный файл (pdf; 428 Kb) 
300 |a Заглавие с экрана 
320 |a [Библиогр.: с. 373 (3 назв.)] 
461 1 |0 (RuTPU)RU\TPU\conf\21932  |t Проблемы геологии и освоения недр  |o труды XXI Международного симпозиума имени академика М. А. Усова студентов и молодых ученых, посвященного 130-летию со дня рождения профессора М. И. Кучина, Томск, 3-7 апреля 2017 г.  |o в 2 т.  |f Национальный исследовательский Томский политехнический университет (ТПУ), Институт природных ресурсов (ИПР) ; под ред. А. С. Боева  |d 2017 
463 1 |0 (RuTPU)RU\TPU\conf\21938  |t Т. 2  |v [С. 372-373]  |d 2017 
610 1 |a труды учёных ТПУ 
610 1 |a электронный ресурс 
610 1 |a моделирование 
610 1 |a этилбензол 
610 1 |a цеолитсодержащие катализаторы 
610 1 |a алкилирование 
610 1 |a стиролы 
610 1 |a крекинг 
700 1 |a Ямщикова  |b Е. А. 
702 1 |a Долганова  |b И. О.  |c химик  |c младший научный сотрудник Томского политехнического университета, аспирант, кандидат технических наук  |f 1988-  |g Ирэна Олеговна  |2 stltpush  |4 727 
712 0 2 |a Национальный исследовательский Томский политехнический университет (ТПУ)  |b Институт природных ресурсов (ИПР)  |b Кафедра химической технологии топлива и химической кибернетики (ХТТ)  |h 105  |2 stltpush  |3 (RuTPU)RU\TPU\col\18665 
801 2 |a RU  |b 63413507  |c 20170905  |g RCR 
856 4 |u http://earchive.tpu.ru/handle/11683/42132 
942 |c BK